Climate change: Causes and consequences (Record no. 55678)

MARC details
000 -LEADER
fixed length control field 00296nam a2200121Ia 4500
100 ## - MAIN ENTRY--AUTHOR NAME
Personal name Haque M.A
245 #0 - TITLE STATEMENT
Title Climate change: Causes and consequences
260 ## - PUBLICATION, DISTRIBUTION, ETC. (IMPRINT)
Name of publisher Dreams 2047
Year of publication 2019
300 ## - PHYSICAL DESCRIPTION
Number of Pages 27-23
650 ## - SUBJECT ADDED ENTRY--TOPICAL TERM
Topical Term Climate Change
942 ## - ADDED ENTRY ELEMENTS (KOHA)
Koha item type Journals
Holdings
Withdrawn status Lost status Damaged status Not for loan Home library Current library Shelving location Date acquired Serial Enumeration / chronology Koha item type
      Journals RRII Library RRII Library Climate change 17/12/2021 Volume 21, Issue 10 Journals